| 000 | 04123nam a22003137a 4500 | ||
|---|---|---|---|
| 005 | 20170131092324.0 | ||
| 008 | 130821s1876 fr |||fr eng d | ||
| 040 |
_aCo-BoUCM _bspa _cSandra Yazo _dSandra Yazo |
||
| 041 | 0 | 0 | _aeng |
| 082 | 0 | 4 |
_a209 _220 |
| 092 | _aE42N004 | ||
| 100 | 1 |
_aNewman, John Henry _cCardenal _d1801-1890 _983685 |
|
| 242 |
_aBosquejos Históricos _cCardenal John Henry Newman |
||
| 245 | 0 | 0 |
_aHistorical sketches _cCardinal John Henry Newman |
| 260 |
_aLondon [Londres] (Inglaterra) _bBasil Montagu Pinkering _c1876 |
||
| 300 |
_axii, 446 ; xiii, 487 ; iii, 421, [10] páginas _c19 x 13 cm. |
||
| 500 | _aEncuadernación rígida en cartón duro forrado en tela texturizada. Lomo con adornos en dorado. Tapas con un rectángulo y sello central repujados. Guardas. Anteportada. Portada impresa en una sola tinta con marca tipográfica, que imita a la de Aldo Manuzio. Texto impreso en una sola columna, con diversos tipos de letra. Notas de pie de página. Índices al final de la obra. Papel muy manchado. Guada delantea con sello de tinta | ||
| 505 | 0 | _aV.1: Los Turcos y su relación con Europa: La tierra natal de los turcos ; Tártaros y turcos ; Turcos y Sarracenos ; Los turcos y los cristianos ; El Papa y los turcos ; Barbarie y civilización ; Pasado, presente y futuro de los Otomanos -- Marco Tulio Cicerón: Principales eventos de su vida ; Postura literaria ; La Academia Nueva ; Escritos filosóficos ; Cartas ; Composiciones históricas y poéticas ; Discursos ; Estilo ; Los oradores Romanos -- Apolonia de Tyana: Su vida, escrita por Filóstrato ; Nacimiento ; Educación ; Formación pitagórica ; Aspectos políticos ; Su reputación ; Su fama de milagroso: no sustentada por el carácter interno de los mismos actos, ni por su volumen ; Una imitación de los milagros bíblicos -- La cristiandad primitiva: Lo que afirman San Ambrosio, Vicente de Lerins, la Historia de Apolinar, Joviniano y sus compañeros, los Cánones Apostólicos -- V.2: La Iglesia de los Padres: Juicios sobre San Basilio ; Los trabajos de S ; Basilio ; Basilio y Gregorio ; Antonio en conflicto ; Antonio en calma ; Agustín y los vándalos ; La conversión de Agustín ; Demetrio ; San Martín y Máximo -- San Juan Crisóstomo: Palabras introductorias ; La separación ; El viaje ; El exilio ; La muerte ; Teodoreto: Nacimiento y educación ; Vida monástica ; Trabajo diocesanos y extra-diocesanos ; De Ciro a Antioquía ; De Antioquía a Ciro ; Relaciones eclesiásticas ; En Éfeso ; Su gran opositor ; Últimos años -- La misión de San Benito ; Las escuelas benedictinas -- V.3: Origen y progreso de las Universidades: Qué es una universidad ; Lugar de la universidad ; Vida universitaria: Atenas ; La entrega libre del conocimiento: los sofistas ; Disciplina e influjo ; Influencia: las escuelas de Atenas ; Disciplina: las escuelas de Macedonia y Roma ; Caída y refugio de la civilización antigua: los lombardos, las Islas del Norte ; El Papa Gregorio Magno ; La Escuela de Carlomagno ; Oferta y demanda: el escolar ; Profesores y Tutores ; La antigua universidad de Dublín ; El Colegio, correctivo de la universidad: Oxford ; Universidades y Seminarios -- Los pueblos del Norte y los Normandos en Inglaterra e Irlanda ; Oxford medieval ; La “Convocatoria” de Canterbury: Constitución y derechos ; Cámara Baja hacia 1700 ; La Cámara Baja en relación con la Cámara Alta ; Relación con el estamento eclesiástico ; Relación con la corona | |
| 506 | _aConsulta en sala | ||
| 546 | _aTexto en inglés con expresiones en latín y francés | ||
| 650 | 7 |
_aCristianismo _xHistoria _956079 |
|
| 650 | 7 |
_aCristianismo _xEnsayos _983686 |
|
| 651 | 4 |
_aIngleterra _xHistoria _983687 |
|
| 690 |
_aIglesias _917149 |
||
| 856 | 4 | 1 |
_uhttps://babel.hathitrust.org/cgi/pt?id=hvd.ah5nn1;view=1up;seq=6 _zDisponible en línea V.1 |
| 856 | 4 | 1 |
_uhttps://babel.hathitrust.org/cgi/pt?id=hvd.ah5nn2;view=1up;seq=9 _zDiponible en línea V.2 |
| 856 | 4 | 1 |
_uhttps://babel.hathitrust.org/cgi/pt?id=hvd.ah5nn3;view=1up;seq=9 _zDisponible en línea V.3 |
| 942 |
_cLIBRO _e1 _2LOCAL _hE42N004 |
||
| 999 |
_c305834 _d305834 |
||